<?xml version="1.0" encoding="UTF-8"?>
<record
    xmlns:xsi="http://www.w3.org/2001/XMLSchema-instance"
    xsi:schemaLocation="http://www.loc.gov/MARC21/slim http://www.loc.gov/standards/marcxml/schema/MARC21slim.xsd"
    xmlns="http://www.loc.gov/MARC21/slim">

  <leader>00484nam a2200181Ia 4500</leader>
  <controlfield tag="008">230718s9999    xx            000 0 und d</controlfield>
  <datafield tag="020" ind1=" " ind2=" ">
    <subfield code="a">9789351434467</subfield>
  </datafield>
  <datafield tag="041" ind1=" " ind2=" ">
    <subfield code="a">eng</subfield>
  </datafield>
  <datafield tag="082" ind1=" " ind2=" ">
    <subfield code="a">342.020</subfield>
    <subfield code="b">BAS</subfield>
  </datafield>
  <datafield tag="100" ind1=" " ind2=" ">
    <subfield code="a">Basu D.D.</subfield>
    <subfield code="9">110597</subfield>
  </datafield>
  <datafield tag="245" ind1=" " ind2=" ">
    <subfield code="a">Introduction To The Constitution Of India</subfield>
  </datafield>
  <datafield tag="250" ind1=" " ind2=" ">
    <subfield code="a">22nd edi.</subfield>
  </datafield>
  <datafield tag="260" ind1=" " ind2=" ">
    <subfield code="c">2015</subfield>
    <subfield code="b">LexisNexis</subfield>
  </datafield>
  <datafield tag="300" ind1=" " ind2=" ">
    <subfield code="a">554</subfield>
  </datafield>
  <datafield tag="365" ind1=" " ind2=" ">
    <subfield code="c">Rs.</subfield>
    <subfield code="b">350.00</subfield>
  </datafield>
  <datafield tag="700" ind1=" " ind2=" ">
    <subfield code="a">Basu D.D.</subfield>
    <subfield code="9">110597</subfield>
  </datafield>
  <datafield tag="906" ind1=" " ind2=" ">
    <subfield code="d">O:0770214-Dec-2022B:12610-Dec-2022</subfield>
    <subfield code="c">GENRL</subfield>
    <subfield code="b">70</subfield>
  </datafield>
  <datafield tag="999" ind1=" " ind2=" ">
    <subfield code="c">353121</subfield>
    <subfield code="d">353121</subfield>
  </datafield>
  <datafield tag="952" ind1=" " ind2=" ">
    <subfield code="0">0</subfield>
    <subfield code="1">0</subfield>
    <subfield code="4">0</subfield>
    <subfield code="7">0</subfield>
    <subfield code="a">CCEP</subfield>
    <subfield code="b">CCEP</subfield>
    <subfield code="d">2022-12-14</subfield>
    <subfield code="e">Om Book Stall</subfield>
    <subfield code="f">GENRL</subfield>
    <subfield code="g">280.00</subfield>
    <subfield code="i">126</subfield>
    <subfield code="l">1</subfield>
    <subfield code="o">342.020</subfield>
    <subfield code="p">CCEP-BK-64332</subfield>
    <subfield code="r">2023-08-21 00:00:00</subfield>
    <subfield code="s">2023-08-08</subfield>
    <subfield code="t">70</subfield>
    <subfield code="v">350.00</subfield>
    <subfield code="w">2022-12-10</subfield>
    <subfield code="y">BK</subfield>
    <subfield code="z">064332</subfield>
  </datafield>
</record>
